Všeobecná hudební nauka /

Hlavní autor: Pícha, František, 1893-1964
Jazyk: Čeština
Vydáno: Praha : Státní hudební vydavatelství, 1961
Vydání: 3., dopln. vyd., (v SHV 1. vyd).
Témata:
Fyzický popis: 238, [2] s. ; 8°
Knihy
Uloženo v:
LEADER 00863nam a2200265 a 4500
001 000438755
003 CZ BrMZK
005 20141121133840.0
007 ta
008 980212s1961 xr f cze d
015 |a cnb000516274 
035 |a (OCoLC)85331576 
040 |a BOA001  |b cze 
080 |a 781(021)  |2 MRF 
100 1 |a Pícha, František,  |d 1893-1964  |7 jk01093012  |4 aut 
245 1 0 |a Všeobecná hudební nauka /  |c František Pícha 
250 |a 3., dopln. vyd., (v SHV 1. vyd). 
260 |a Praha :  |b Státní hudební vydavatelství,  |c 1961 
300 |a 238, [2] s. ;  |c 8° 
504 |a Obsahuje bibliografii a rejstřík 
500 |a Noty v textu 
910 |a BOA001  |b PK-0026.528  |b 2-0344.758-61 
964 |a Teorie hudební - úvody 
990 |a BK 
996 7 |b 3119831830  |c PK-0026.528  |l MZK  |r Sklad / do 1 hodiny  |n 19  |w 000438755  |u 000010  |a 1  |e BOA001  |j MZK50  |s A